Principios de la administración científica

Gardado en:
Detalles Bibliográficos
Main Authors: Taylor, Frederick Winslow (Author), Fayol, Henri (Author)
Formato: Libro
Idioma:Lingua castelá
Publicado: Buenos Aires El Ateneo 1969
Subjects:
Tags: Engadir etiqueta
Sen Etiquetas, Sexa o primeiro en etiquetar este rexistro!

MARC

LEADER 00000nam a2200000 a 4500
001 UCR3498
003 CL-VaPUC
008 980124e19690000AG |||||||||||||||||spa|d
082 0 4 |a 658  |b TAY  |2 21 
100 0 |a Taylor, Frederick Winslow  |e author  |9 402372 
700 0 |a Fayol, Henri  |e author  |9 402373 
245 1 0 |a Principios de la administración científica 
246 1 0 |a Administración industrial y general 
300 |a 351 p 
942 |c BK 
945 |d 19980124 00:00:00  |a aolguin 
260 |a Buenos Aires  |b El Ateneo  |c 1969 
650 0 |a Administración industrial   |9 259466 
650 0 |a Administración científica  |9 402374 
650 0 |a Administración de empresas   |9 260833 
583 |a last modification  |c 20170426 03:41:51  |k Rodrigo Vera 
999 |c 266562  |d 266560 
952 |0 0  |1 0  |4 0  |6 658_000000000000000_TAY_1969  |7 0  |8 R  |9 298276  |a BIBENE  |b BIBENE  |d 2019-11-20  |i 1943227  |o 658 TAY 1969  |p 1943227  |r 2025-01-15  |w 2019-11-20  |y BK_R  |k ICO